Динамика плодоношения яблони в мемориальной части Ботанического сада им. Вс. М. Крутовского (Запись № 368843)

Подробности
000 -МАРКЕР
контрольное поле 02021nam0a2200349 4500
001 - ИДЕНТИФИКАТОР ЗАПИСИ
контрольное поле RU\NLR\bibl\372028
005 - ИДЕНТИФИКАТОР ВЕРСИИ
контрольное поле 20260408125645.0
021 ## - НОМЕР ГОСУДАРСТВЕННОЙ РЕГИСТРАЦИИ
Код страны Российская Федерация
Номер 2003-33876
Номер Листа государственной регистраци 1605
035 ## - ДРУГИЕ СИСТЕМНЫЕ НОМЕРА
Идентификатор записи (NLR Aleph) 000366543
100 ## - ДАННЫЕ ОБЩЕЙ ОБРАБОТКИ
Данные общей обработки 20030228d2002 u y0rusy50 ca
101 0# - ЯЗЫК РЕСУРСА
Язык текста, звукозаписи и т.д. русский
102 ## - СТРАНА ПУБЛИКАЦИИ ИЛИ ПРОИЗВОДСТВА
Страна публикации Российская Федерация
105 ## - ПОЛЕ КОДИРОВАННЫХ ДАННЫХ: ТЕКСТОВЫЕ МАТЕРИАЛЫ, МОНОГРАФИЧЕСКИЕ
Кодированные данные о монографическом текстовом документе y |||||||||
200 1# - ЗАГЛАВИЕ И СВЕДЕНИЯ ОБ ОТВЕТСТВЕННОСТИ
Основное заглавие Динамика плодоношения яблони в мемориальной части Ботанического сада им. Вс. М. Крутовского
Сведения, относящиеся к заглавию Справ. пособие для студентов спец. 260500 всех форм обучения
Первые сведения об ответственности Р.Н. Матвеева, О.Ф. Буторова, Н.В. Моксина
Последующие сведения об ответственности М-во образования Рос. Федерации, Сиб. гос. технол. ун-т
210 ## - ПУБЛИКАЦИЯ, РАСПРОСТРАНЕНИЕ И ДР.
Место издания, распространения и т.д. Красноярск
Имя издателя, распространителя и т. д. СибГТУ
Дата издания, распространения и т.д. 2002
215 ## - ФИЗИЧЕСКАЯ ХАРАКТЕРИСТИКА
Специфическое обозначение материала и объем 59 с.
Размеры 20
320 ## - ПРИМЕЧАНИЯ О НАЛИЧИИ В ДОКУМЕНТЕ БИБЛИОГРАФИИ / УКАЗАТЕЛЯ
Текст примечания Библиогр.: с. 58
606 0# - НАИМЕНОВАНИЕ ТЕМЫ КАК ПРЕДМЕТ
Наименование темы Яблони
Тематический подзаголовок Плодоношение
-- Ботанический сад им. Вс.М. Крутовского(Красноярск)
Формальный подзаголовок Справочники
Код системы nlr-sh1
Идентификатор авторитетной/нормативной записи RU\NLR\auth\661365971
606 0# - НАИМЕНОВАНИЕ ТЕМЫ КАК ПРЕДМЕТ
Наименование темы Яблони
Тематический подзаголовок Сортоиспытание
-- Ботанический сад им. Вс.М. Крутовского(Красноярск)
Формальный подзаголовок Справочники
Код системы nlr-sh1
Идентификатор авторитетной/нормативной записи RU\NLR\auth\661365972
686 ## - ИНДЕКСЫ ДРУГИХ КЛАССИФИКАЦИЙ
Индекс П255.1я29
700 #1 - ИМЯ ЛИЦА - ПЕРВИЧНАЯ ОТВЕТСТВЕННОСТЬ
Начальный элемент ввода Матвеева
Часть имени, кроме начального элемента ввода Р. Н.
Дополнения к именам, кроме дат д-р с.-х. наук
Даты 1942-
Расширение инициалов личного имени Римма Никитична
Идентификатор авторитетной/нормативной записи RU\NLR\auth\7739655
Код отношения Автор
701 #1 - ИМЯ ЛИЦА - АЛЬТЕРНАТИВНАЯ ОТВЕТСТВЕННОСТЬ
Начальный элемент ввода Буторова
Часть имени, кроме начального элемента ввода О. Ф.
Дополнения к именам, кроме дат д-р с.-х. наук
Расширение инициалов личного имени Ольга Федоровна
Идентификатор авторитетной/нормативной записи RU\NLR\AUTH\770151064
Код отношения Автор
701 #1 - ИМЯ ЛИЦА - АЛЬТЕРНАТИВНАЯ ОТВЕТСТВЕННОСТЬ
Начальный элемент ввода Моксина
Часть имени, кроме начального элемента ввода Н. В.
Расширение инициалов личного имени Наталья Владимировна
Код отношения Автор
712 02 - НАИМЕНОВАНИЕ ОРГАНИЗАЦИИ - ВТОРИЧНАЯ ОТВЕТСТВЕННОСТЬ
Начальный элемент ввода Ботанический сад им. Вс.М. Крутовского
Идентифицирующий признак Красноярск
Идентификатор авторитетной/нормативной записи RU\NLR\AUTH\8810032099
Код отношения Прочие
801 #0 - ИСТОЧНИК ЗАПИСИ
Страна Российская Федерация
Организация NLR
Дата составления 20030228
Правила каталогизации PSBO
801 #1 - ИСТОЧНИК ЗАПИСИ
Страна Российская Федерация
Организация NLR
Дата составления 20030228
830 ## - ОБЩЕЕ ПРИМЕЧАНИЕ, СОСТАВЛЕННОЕ КАТАЛОГИЗАТОРОМ
Текст примечания авт. по кн.
942 ## - ДОПОЛНИТЕЛЬНЫЕ ЭЛЕМЕНТЫ ЗАПИСИ (АБИС)
Тип экземпляра АБИС Книга
980 ## - КОЛЛЕКЦИЯ
Название коллекции Национальная библиография
Экземпляры
Тип экземпляра Дата поступления Источник поступления Библиотека постоянного хранения Библиотека текущего хранения Место хранения Шифр хранения Штрих-код Статус экземпляра
Книга 28.02.2003 Контрольный экземпляр из типографии РНБ (Московский) РНБ (Московский) Русский книжный фонд: издания с 1957 года 2003-4/3387 431738  
Книга 21.10.2003 Обязательный экземпляр РНБ (Московский) РНБ (Московский) Русский книжный фонд: издания с 1957 года 2003-4/3387 570540  
Книга 21.10.2003 Обязательный экземпляр РНБ (Московский) РНБ (Московский) Обменный фонд   570541